000 00910nac a22001931u 4500
008 100705t xxu||||| |||| 00| 0 eng d
020 _a9774248198
082 _a306.0962
_bA5171
100 _aAmin, Galal A.,
_915906
245 _aWhatever Else happened to the Egyptians? :
_bFrom the revolution to the age of globalization /
_cGalal Amin,translated by David Wilmsen,Illustration by Samir Abd al-Ghani
260 _aCairo :
_b American University in Cairo Press,,2004.
_c2004
300 _a189p.;
_c20 cm.
650 _aEgypt
_x Social conditions.
_915907
650 _aEgypt
_x Social life and customs.
_915908
650 _aEgypt
_x Economic conditions
_915909
700 _aWilmsen,David
_915910
942 _cBB
_k306.0962 A5171
_2ddc
999 _c2604
_d2604